000 00379nam a22001337a 4500
082 _a625.888
_bCON
_cD
110 _aAsphalt institute
_913616
245 _aconstruction specifications for asphalt curbs and gutters
260 _aUnited State America
_bAPI
_c1978
300 _a15p.:
_c30cm.
526 _a0
_b0
_c0
_d625_888000000000000_CON
650 _aMCE
_9379
942 _2ddc
_cBK
999 _c548055
_d548055